000 01018 a2200253 4500
001 26308
005 20260407155543.0
008 260407a2014 arg spa d
003 AR-UNSa-BCEJYS
040 _aAR-UNSa-BCEJYS
_bspa
_cAR-UNSa-BCEJYS
080 _a35.077.3
_xProcedimiento administrativo (licitación pública...)
245 1 0 _aRégimen de procedimientos administrativos
_pLey 19.549. Decreto reglamentario 1759/72, texto ordenado 1991 según reformas introducidas por decreto 1883/91. Con remisión al texto constitucional de 1994
020 _a978-950-508-920-8
250 _a9a. ed.
264 1 _aBuenos Aires :
_bAstrea
_c2014
300 _a421 p.
_c20 cm.
942 _cBK
590 _aniveau_biblio:m niveau_hierar:0
100 1 _aHutchinson, Tomás A.
700 1 _aArgentina [Leyes, etc.]
650 _aLey Nº 19.549
856 4 1 _uhttps://biblioeco.unsa.edu.ar/pmb/images/libros/R?gimen de Procedimientos Administrativos.jpg
_yImagen de portada
_qimage/jpeg
650 _a ley nº 19 549
999 _c1450
_d1450